| 000 | 01565cac a2200313 i 4500 | ||
|---|---|---|---|
| 003 | Co-PeBPM | ||
| 005 | 20260407123538.0 | ||
| 007 | ta | ||
| 008 | 221025s2011 ck ao0 bra s 0bspa d | ||
| 020 | _a9786074002669 | ||
| 020 | _a9788449441943 | ||
| 040 | 0 |
_aCo-PeBPM _bspa _erda _cCo-PeBPM |
|
| 041 | _aspa | ||
| 082 |
_a(i) 759.6 J82g _222 |
||
| 100 | 1 |
_aJordà, Maria J. _eautora _910764 |
|
| 245 | 1 | 0 |
_aDescubriendo el mágico mundo de Gauguin _c/ María J. Jordá. |
| 250 | _aPrimera edición | ||
| 264 | 1 |
_aBarcelona, España _b: Editorial Océano Travesía _c, 2011. |
|
| 300 |
_a34 páginas _b: ilustraciones, fotografías a color _c; 29 centímetros. |
||
| 520 | 1 | _aAventurero, inconformista y luchador, Gauguin se ha convertido en uno de los pintores más fascinantes de su época y en el máximo exponente artista bohemio. Su estilo ""primitivo"" rompió con el realismo e impresionismo y marcó el inicio del vanguardismo del siglo XX. Luchó incansablemente y contra toda adversidad para alcanzar su sueño: encontrar la autenticidad en su vida y en su arte. Lee estas páginas y entenderás porqué abandonó la civilización para instalarse y acabar sus días solo y arruinado en un pequeño pueblo de Tahití. | |
| 521 | 1 | _aRecomendado para un público infantil mayor de 8 años. | |
| 648 | 1 | 7 |
_aSiglo XIX _2LEMB |
| 650 | 1 | 7 |
_aPintores franceses _2LEMB _9317246 |
| 650 | 1 | 7 |
_aBiografias _2LEMB |
| 650 | 1 | 7 |
_aLibros infantiles _2LEMB |
| 650 | 1 | 7 |
_aImpresionismo _2LEMB _9180943 |
| 650 | 1 | 7 |
_aPintura francesa _2LEMB _9317247 |
| 942 |
_2ddc _cBK |
||
| 999 |
_c107303 _d107303 |
||